000 00417nam a22001817a 4500
003 CEME
005 20210628202512.0
008 210316b xxu||||| |||| 00| 0 eng d
020 _a0-7506-2489-2
040 _c.
082 _a621.3893 AUD'S
100 _aSinclair, Ian R
_958512
245 _aAudio and hi-fi handbook
250 _a2ND
260 _aOXFORD
_bNEWNES
_c1993
300 _a820P
942 _cBK
_2ddc
999 _c569987
_d569987